000 00414nam a2200133Ia 4500
005 20260326235452.0
008 260326s9999||||xx |||||||||||||| ||und||
100 _aInstituto de Arquitetos do Brasil
245 0 _a3era Bienal Internacional de Arquitetura de Sao Paulo /
_cInstituto de Arquitetos do Brasil
260 _bFundacao Bienal de Sao Paulo
300 _a363 p.
650 _aARQUITECTURA CIVIL
942 _cBK
999 _c7788
_d7788